000 00450nam a2200157Ia 4500
008 100122s9999 xx 000 0 und d
082 _b30676
_a821.09
100 _aप्रफुल्लदत्त
245 _aपदचिन्हे
250 _a0
260 _bश्रीविद्या प्रकाशन
_c1905
300 _a110
630 _aपदचिन्हे
730 _aपदचिन्हे
942 _cBOOK
999 _c415494
_d415491